• Stone Oliver

di Personal Name

Records bibliografici associati: 1

001 - CONTROL NUMBER

  • control field: 55702

003 - CONTROL NUMBER IDENTIFIER

  • control field: IT-RoPau

005 - DATE AND TIME OF LATEST TRANSACTION

  • control field: 20151204110812.0

008 - FIXED-LENGTH DATA ELEMENTS

  • fixed length control field: 151204|| aca||aabn | a|a d

040 ## - CATALOGING SOURCE

  • Original cataloging agency: IT-RoPau
  • Transcribing agency: IT-RoPau

100 ## - HEADING--PERSONAL NAME

  • Personal name: Stone Oliver
  • Miscellaneous information: Codice regista SPICS: 26925

670 ## - SOURCE DATA FOUND

  • Source citation: Work cat.: (IT-RoPau)108444: Stone Oliver Codice regista SPICS: 26925, PERSONA NON GRATA PERSONA NON GRATA (Rif. Codice opera principale : H5204), "2003 (1° ed.: 2004 ; Ed. Lingua Orig.: 2003)"
CREDITS: SOCIETA' SAN PAOLO Via A.Severo, 58 - ROMA (RM) & PERIODICI SAN PAOLO SRL Via Giotto, 36 MILANO & CISF Via Giotto, 36 MILANO & EDIZIONI SAN PAOLO SRL,  Piazza Soncino, 5 CINISELLO BALSAMO (MI) -- ITALY